Country Names Missing one Letter - Statistics

General Stats
  • This quiz has been taken 38 times
  • The average score is 15 of 15
Answer Stats
Country without Letter Country with Letter % Correct
Bhuan Bhutan
100%
Brail Brazil
100%
Brune Brunei
100%
Canaa Canada
100%
Guana Guyana
100%
Inda India
100%
Irael Israel
100%
Los Laos
100%
Liba Libya
100%
Meico Mexico
100%
Gaon Gabon
97%
Anorra Andorra
94%
Cooros Comoros
94%
Neal Nepal
94%
Tona Tonga
94%
No matching quizzes found
Score Distribution
Percent of People with Each Score
Percentile by Number Answered
Your Score History
You have not taken this quiz